| Tag |
First Indicator |
Second Indicator |
Subfields |
| LEADER |
00000cam a2200000Ii 4500 |
| 001 |
in00004002000 |
| 006 |
m o d |
| 007 |
cr |n||||||||| |
| 008 |
190618s2019 xx o 000 0 eng d |
| 005 |
20250816222553.4 |
| 020 |
|
|
|a 9781527536005
|q (electronic bk.)
|
| 020 |
|
|
|a 1527536009
|q (electronic bk.)
|
| 020 |
|
|
|z 1527534367
|
| 020 |
|
|
|z 9781527534360
|
| 024 |
8 |
|
|a 99981432514
|
| 035 |
|
|
|a (NhCcYBP)ebc5789625
|
| 040 |
|
|
|a NhCcYBP
|c NhCcYBP
|d UtOrBLW
|
| 050 |
|
4 |
|a QH326
|b .C44 2019
|
| 072 |
|
7 |
|a SCI
|x 027000
|2 bisacsh
|
| 082 |
0 |
4 |
|a 576.83901
|2 23
|
| 100 |
1 |
|
|a Chela Flores, Julián.
|0 http://id.loc.gov/authorities/names/n85243184
|
| 245 |
1 |
0 |
|a ASTROBIOLOGY AND HUMANISM :
|b conversations on science, philosophy and theology.
|
| 264 |
|
1 |
|a [Place of publication not identified] :
|b CAMBRIDGE SCHOLARS PUBLISHING,
|c 2019.
|
| 300 |
|
|
|a 1 online resource.
|
| 336 |
|
|
|a text
|b txt
|2 rdacontent
|
| 337 |
|
|
|a computer
|b c
|2 rdamedia
|
| 338 |
|
|
|a online resource
|b cr
|2 rdacarrier
|
| 505 |
0 |
|
|a Intro; Dedication; Epigraph; Table of Contents; Foreword; Preface; Introduction; Book I Part 1; Book I Part 2; Book II Part 1; Book II Part 2; Book III Part 1; Book III Part 2; Book IV Part 1; Book IV Part 2; Appendices; Indices
|
| 500 |
|
|
|a Electronic resource.
|
| 650 |
|
0 |
|a Exobiology
|x Philosophy.
|
| 650 |
|
0 |
|a Humanism.
|0 http://id.loc.gov/authorities/subjects/sh85062902
|
| 655 |
|
7 |
|a Electronic books.
|2 local
|
| 710 |
2 |
|
|a ProQuest (Firm)
|0 http://id.loc.gov/authorities/names/n2007068018
|
| 776 |
1 |
8 |
|i Print version:
|z 1527534367
|z 9781527534360
|
| 856 |
4 |
0 |
|u https://ebookcentral.proquest.com/lib/tamucs/detail.action?docID=5789625
|z Connect to the full text of this electronic book
|t 0
|
| 955 |
|
|
|a YBP purchased approval e-records
|
| 980 |
|
|
|b 239.90
|g 1
|
| 987 |
|
|
|a ybp16290022
|
| 999 |
f |
f |
|s 72704d90-c2c7-385a-a4ac-3e408e27d2e5
|i 346904e7-4638-38ac-b667-4832e5b23f31
|t 0
|
| 952 |
f |
f |
|a Texas A&M University
|b College Station
|c Electronic Resources
|d Available Online
|t 0
|e QH326 .C44 2019
|h Library of Congress classification
|
| 998 |
f |
f |
|a QH326 .C44 2019
|t 0
|l Available Online
|